000 00780nam a2200253 a 4500
001 50954
003 BD-RjUL
005 20211209075605.0
008 160829s1957 nyu b 000 0 eng d
035 _a(BD-RjUL)51074
040 _aDLC/ICU
_cCGU
_dm.c
_dBD-RjUL
_beng
041 _aeng
082 _a515.733
_223
_bHAI 1957
100 1 _aHalmos, Paul R.
_q(Paul Richard),
_d1916-2006
_9152494
245 1 0 _aIntroduction to Hilbert space and the theory of spectral multiplicity /
_cby Paul R. Halmos.
250 _a2nd ed.
260 _aNew York :
_bChelsea,
_cc1957.
300 _a114 p. ;
_c24 cm.
504 _aIncludes bibliography
650 0 _aSpectral theory (Mathematics).
_9151341
650 0 _aHilbert space.
_9151077
942 _2ddc
_cBK
999 _c50954
_d50954